<?xml version="1.0" encoding="UTF-8"?><marc:collection xmlns:marc="http://www.loc.gov/MARC21/slim">
  <marc:record>
    <marc:leader>00000nam##2200000za#4500</marc:leader>
    <marc:controlfield tag="001">9.646764</marc:controlfield>
    <marc:controlfield tag="003">CaOODSP</marc:controlfield>
    <marc:controlfield tag="005">20200330133320</marc:controlfield>
    <marc:controlfield tag="007">ta</marc:controlfield>
    <marc:controlfield tag="008">150407|1998||||xxc|||||     f|0| 0 eng|d</marc:controlfield>
    <marc:datafield tag="020" ind1=" " ind2=" ">
      <marc:subfield code="a">0-662-26284-0</marc:subfield>
    </marc:datafield>
    <marc:datafield tag="040" ind1=" " ind2=" ">
      <marc:subfield code="a">CaOODSP</marc:subfield>
      <marc:subfield code="b">eng</marc:subfield>
    </marc:datafield>
    <marc:datafield tag="043" ind1=" " ind2=" ">
      <marc:subfield code="a">n-cn---</marc:subfield>
    </marc:datafield>
    <marc:datafield tag="086" ind1="1" ind2=" ">
      <marc:subfield code="a">Fs1-61/4-1997E</marc:subfield>
    </marc:datafield>
    <marc:datafield tag="110" ind1="1" ind2=" ">
      <marc:subfield code="a">Canada.</marc:subfield>
      <marc:subfield code="b">Department of Fisheries and Oceans. </marc:subfield>
      <marc:subfield code="b">Fisheries Resource Conservation Council.</marc:subfield>
    </marc:datafield>
    <marc:datafield tag="245" ind1="1" ind2="0">
      <marc:subfield code="a">1998 conservation requirements for the Gulf of St. Lawrence groundfish stocks and cod stocks in divisions 2GH, 2J3KL, 3Ps, 4VsW and witch flounder in division 3Ps </marc:subfield>
    </marc:datafield>
    <marc:datafield tag="260" ind1=" " ind2=" ">
      <marc:subfield code="a">Ottawa - Ontario : </marc:subfield>
      <marc:subfield code="b">Fisheries and Oceans Canada. </marc:subfield>
      <marc:subfield code="c">1998.</marc:subfield>
    </marc:datafield>
    <marc:datafield tag="300" ind1=" " ind2=" ">
      <marc:subfield code="a">70p. in various pagings. : </marc:subfield>
      <marc:subfield code="b">figs., graphs ; </marc:subfield>
      <marc:subfield code="c">28 cm.</marc:subfield>
    </marc:datafield>
    <marc:datafield tag="500" ind1=" " ind2=" ">
      <marc:subfield code="a">"This report is one in a series of reports the Fisheries Resource Conservation Council (FRCC) has produced to provide advice to the Minister of Fisheries and Oceans on conservation requirements for Atlantic and eastern Arctic groundfish stocks for 1998."--Page 5.</marc:subfield>
    </marc:datafield>
    <marc:datafield tag="520" ind1="3" ind2=" ">
      <marc:subfield code="a">This report is one in a series of reports the Fisheries Resource Conservation Council (FRCC) has produced to provide advice to the Minister of Fisheries and Oceans on conservation requirements for Atlantic and eastern Arctic groundfish stocks for 1998.--Page 5</marc:subfield>
    </marc:datafield>
    <marc:datafield tag="563" ind1=" " ind2=" ">
      <marc:subfield code="a">Softcover</marc:subfield>
    </marc:datafield>
    <marc:datafield tag="590" ind1=" " ind2=" ">
      <marc:subfield code="a">98-18</marc:subfield>
      <marc:subfield code="b">1998-05-01</marc:subfield>
    </marc:datafield>
    <marc:datafield tag="775" ind1="0" ind2="8">
      <marc:subfield code="t">Impératifs de conservation des stocks de poisson de fond du golfe du Saint-Laurent et des stocks de morue de 2GH, 2J3KL, 3Ps, 4VsW et de la plie grise de 3Ps : </marc:subfield>
      <marc:subfield code="w">(CaOODSP)9.680278</marc:subfield>
    </marc:datafield>
    <marc:datafield tag="776" ind1="0" ind2="#">
      <marc:subfield code="t">1998 Conservation requirements for the Gulf of St. Lawrence groundfish stocks and cod stocks in divisions 2GH, 2J3KL, 3Ps, 4VsW and witch flounder in division 3Ps : </marc:subfield>
      <marc:subfield code="w">(CaOODSP)9.696885</marc:subfield>
    </marc:datafield>
    <marc:datafield tag="986" ind1=" " ind2=" ">
      <marc:subfield code="a">FRCC 98.R.1</marc:subfield>
    </marc:datafield>
  </marc:record>
</marc:collection>
